| 000 | 00569nam a2200181Ia 4500 | ||
|---|---|---|---|
| 003 | GCL | ||
| 008 | 140319s9999 xx 000 0 aFre d | ||
| 040 |
_aGCL / _cGCL |
||
| 082 | 0 | 4 |
_aCC _b746.73 _bR M |
| 100 | 1 | _aRAGIB, YUSUP | |
| 245 | 1 | 0 |
_aMARCHANDS D'ETOFFES DU FAYYOUM AU III''\IX'' SIECLE / _cRAGIB, YUSUP |
| 260 |
_aالقاهرة : _bINSTITUT FRANCAIS D'ARCHEOLOGIE ORIENTAL ، _c1982 |
||
| 300 |
_a2 VOLS. _bILL. ؛ _c25 cm. |
||
| 490 |
_aSUPPLEMENT AUX ANNALES ISLAMOLOGIQUES _v2,5 |
||
| 650 | 0 | 4 | _aARTS, EGYPT |
| 650 | 0 | 4 | _aFAYOUM - EGYPT |
| 942 |
_2ddc _cBK |
||
| 999 |
_c19365 _d19365 |
||